Shopping in India. (Record no. 77965)
[ view plain ]
| 000 -LEADER | |
|---|---|
| fixed length control field | 00778cam a22002411 4500 |
| 001 - CONTROL NUMBER | |
| control field | sa 68001460 |
| 003 - CONTROL NUMBER IDENTIFIER | |
| control field | DLC |
| 005 - DATE AND TIME OF LATEST TRANSACTION | |
| control field | 20260227112433.0 |
| 008 - FIXED-LENGTH DATA ELEMENTS--GENERAL INFORMATION | |
| fixed length control field | 710903s1966 ii ab 000 0 eng |
| 010 ## - LIBRARY OF CONGRESS CONTROL NUMBER | |
| LC control number | sa 68001460 |
| 025 ## - OVERSEAS ACQUISITION NUMBER | |
| Overseas acquisition number | PL480:I-E-9350 |
| 040 ## - CATALOGING SOURCE | |
| Original cataloging agency | DLC |
| Transcribing agency | DLC |
| Modifying agency | DLC |
| 043 ## - GEOGRAPHIC AREA CODE | |
| Geographic area code | a-ii--- |
| 050 00 - LIBRARY OF CONGRESS CALL NUMBER | |
| Classification number | TT103 |
| Item number | .A5 |
| 082 00 - DEWEY DECIMAL CLASSIFICATION NUMBER | |
| Classification number | 745.5/0954 |
| 110 1# - MAIN ENTRY--CORPORATE NAME | |
| Corporate name or jurisdiction name as entry element | India. |
| Subordinate unit | Department of Tourism. |
| 245 10 - TITLE STATEMENT | |
| Title | Shopping in India. |
| 260 ## - PUBLICATION, DISTRIBUTION, ETC. | |
| Place of publication, distribution, etc. | [Delhi, |
| Name of publisher, distributor, etc. | Publications Division, Ministry of Information & Broadcasting, |
| Date of publication, distribution, etc. | 1966] |
| 300 ## - PHYSICAL DESCRIPTION | |
| Extent | 99 p. |
| Other physical details | illus. (part col.), col. maps. |
| Dimensions | 21 x 25 cm. |
| 350 ## - PRICE (NR) (BK AM CF MU VM SE) [OBSOLETE] | |
| Price | Rs25 |
| 500 ## - GENERAL NOTE | |
| General note | "Issued on behalf of Department of Tourism, Ministry of Transport & Communications, Government of India." |
| 650 #0 - SUBJECT ADDED ENTRY--TOPICAL TERM | |
| Topical term or geographic name entry element | Shopping |
| Geographic subdivision | India |
| General subdivision | Guidebooks. |
No items available.